|
|
|
|
| LEADER |
00644nab a2200181 i 4500 |
| 001 |
misc1579 |
| 005 |
20191106143635.0 |
| 008 |
170607s1912 hu o 0|| hun d |
| 040 |
|
|
|a SZTE Miscellanea Repozitórium
|b hun
|
| 041 |
|
|
|a hun
|
| 100 |
1 |
|
|a Kázmér Ernő
|
| 245 |
1 |
0 |
|a Feljegyzések
|h [elektronikus dokumentum] /
|c Kázmér Ernő
|
| 260 |
|
|
|c 1912
|
| 300 |
|
|
|a 1185-1190
|
| 490 |
0 |
|
|a Kultura [!Kultúra] : irodalmi, művészeti, kritikai képes havi folyóirat
|v 4 No. 19
|
| 695 |
|
|
|a Irodalomtudomány, Művelődés
|
| 700 |
0 |
1 |
|a Halmi Bódog
|e aut
|
| 856 |
4 |
0 |
|u http://misc.bibl.u-szeged.hu/1579/1/kultura_004_019_1185-1190.pdf
|z Dokumentum-elérés
|